Born in Coventry - Statistics

General Stats
  • This quiz has been taken 36 times
    25 since last reset
  • The average score is 3 of 8
Answer Stats
Hint Answer % Correct
Footballer who plays for Tottenham Hotspurs and the English national team 1996 James Maddison
74%
Footballer who plays for Newcastle United and the English national team 1992 Callum Wilson
70%
Inventor of the turbojet engine 1907 Frank Whittle
61%
Actor, "Children of Men" "Closer" "Inside Man" 1964 Clive Owen
43%
Actress, "The Omen" and frequent collaborator with Samuel Beckett 1932 Billie Whitelaw
26%
Actor, "Yes Minister" "The Madness of King George" 1929 Nigel Hawthorne
26%
Golfer and most accomplished British female golfer of modern times 1963 Laura Davies
22%
Composer of the theme music to "Doctor Who" 1937 Delia Derbyshire
17%
No matching quizzes found
Score Distribution
Percent of People with Each Score
Percentile by Number Answered
Your Score History
You have not taken this quiz since the last reset